000 00566nam a2200229Ia 4500
003 OSt
005 20221005070849.0
006 a|||||r|||| 00| 0
007 ta
008 221004b |||||||| |||| 00| 0 eng d
024 _a27985
037 _cTextual
040 _aCRL
_cCRL
_beng
041 _2eng
_aeng
082 _aD5820j58, M5
245 0 _aIndo-Soviet joint space odyssey
260 _aNew Delhi
_bAllied
_c1985
300 _a56p
_ccm.
650 _aENGINEERING
942 _hD5820j58, M5
_cTEXL
_2cc
999 _c976896
_d976896